| 000 | 00407nam a22001697a 4500 | ||
|---|---|---|---|
| 003 | CEME | ||
| 005 | 20210628203651.0 | ||
| 008 | 210318b xxu||||| |||| 00| 0 eng d | ||
| 020 | _a0-471-53511-7 | ||
| 040 | _c. | ||
| 082 | _a004.65 FOS'H | ||
| 100 |
_aFoster, J _966758 |
||
| 245 | _aThe hardware guide for novell netware | ||
| 260 |
_aNEWYORK _bJOHN WILEY _c1991 |
||
| 300 | _a218P | ||
| 942 |
_cBK _2ddc |
||
| 999 |
_c574669 _d574669 |
||